| 000 | 00646cab a2200265 4500 | ||
|---|---|---|---|
| 001 | X611 | ||
| 008 | 090401t1993 xxu||||| |||| 00| 0 eng d | ||
| 035 | _a(Sirsi) u66542 | ||
| 041 | _aeng | ||
| 245 | _aClean-up Act | ||
| 260 | _c1993 | ||
| 350 | _a0 | ||
| 490 |
_aCSW - The Property Week _v43(5) 29 April 1993, 6191) |
||
| 650 |
_aEnvironment _96238 |
||
| 650 | _aEXTRACTION | ||
| 650 | _aMINERAL WORKINGS | ||
| 650 | _aMINERALS ACT 1981 | ||
| 650 | _aMINERALS | ||
| 650 | _aPROFESSIONAL BRIEFING | ||
| 650 | _aRESTORATION | ||
| 650 | _aSTEVENS COMMITTEE | ||
| 690 | _aMINING AND MINERALS | ||
| 942 | _n0 | ||
| 948 | _c04/03/1997 | ||
| 999 |
_c41572 _d41572 |
||